MDQL
is popping MORE tags! Check the
thread
!
Quizzes
Events
Quiz Creation
Community
Videos
Private Events
Remove Ads
Sign In
Join for FREE
Feedback
Dark Mode
Quiz Categories
Sports
Geography
Music
Movies
Television
Just For Fun
Miscellaneous
History
Literature
Language
Science
Gaming
Entertainment
Religion
Holiday
For Kids
Quiz Lab
Recent
Popular Today
Quiz Kudos Today
Editor Picks
Curator Picks
Quizzes by...
Day
Popularity
Type
Ratings
Length
Year
Community
Subscriptions
Recent Discussions
Orange Saloon
Badges
Playlists
Quests
Create
Leaderboards
Showdown
Live 5
Trivia Bingo
Activity
Puzzle Library
Sporcle Events
Private Events
Virtual Trivia
Globe League
Become a Host
Pub Owners
SporcleCon
Opinionation
Our Games
Videos
Blog
Mobile Apps
Partnerships
Remove Ads and Go Orange
Feedback
Literature
Harry Potter
A Song of Ice and Fire
The Hunger Games
Literary Character
Shakespeare
Book
Author
Novel
Poem
Young Adult
Children's Books
Play
Lord of the Rings
Literature
Harry Potter
A Song of Ice and Fire
The Hunger Games
Literary Character
Shakespeare
Book
Author
Novel
Poem
Young Adult
Children's Books
Play
Lord of the Rings
Random Quiz
Search Sporcle
×
Quiz Lab
Quiz Lab
Literature
second
Type in answers that appear in a list
Type in answers that appear in a list
Classic
Best Score? Go Orange.
Pride and Prejudice second 200 words Stats
Can you name the Pride and Prejudice second 200 words?
By
viola
10m
200 Questions
2,297 Plays
2,297 Plays
2,297 Plays
Comments
Comments
Give Quiz Kudos
Give Quiz Kudos
-
- Ratings
hide this ad
Replay
Link that replays current quiz
Next Quiz
Link to next quiz in quiz playlist
You Got
0%
They Got
Avg Score
78%
Avg Friend Score
Upgrade to see
Score Distribution
Jump to the score distribution portion of the page
Score
0/200
Timer
10:00
0
Plays Today
% Correct
and
99%
the
99%
the
99%
A
99%
a
99%
a
99%
and
99%
and
99%
the
99%
the
99%
the
99%
'I
98.1%
I
98.1%
I
98.1%
be
96%
be
96%
be
96%
be
96%
he
95%
he
95%
he
95%
he
95%
he
95%
Mr.
94.6%
Mr.
94.6%
Mr.
94.6%
is
92.7%
is
92.7%
'Is
92.7%
'Is
92.7%
is
92.7%
it
92.5%
it
92.5%
it
92.5%
Bennet,'
91.8%
of
91.4%
of
91.4%
of
91.4%
of
91.4%
of
91.4%
of
91.4%
of
91.4%
of
91.4%
of
91.4%
you
90.8%
You
90.8%
you
90.8%
you
90.8%
You
90.8%
you
90.8%
you
90.8%
you
90.8%
you
90.8%
that
90.7%
that
90.7%
that
90.7%
that
90.7%
that
90.7%
that.
90.7%
in
90.1%
in
90.1%
in
90.1%
to
89.8%
to
89.8%
to
89.8%
for
89.6%
for
89.6%
% Correct
for
89.6%
his
88.8%
his
88.8%
his
88.8%
his
88.8%
his
88.8%
so?
88.5%
so
88.5%
so?
88.5%
'Bingley.'
87.7%
Bingley
87.7%
can
87.2%
can
87.2%
can
87.2%
no
87.1%
go,
86.3%
one
85.7%
one
85.7%
'How
85.5%
How
85.5%
'How
85.5%
must
85.5%
how
85.5%
must
85.5%
them?'
85%
them.'
85%
them
85%
them
85%
them,
85%
girls!'
84.9%
girls
84.9%
'What
83.2%
What
83.2%
him
83.1%
our
82.7%
know
82.6%
man
82.5%
with
82.2%
with
82.2%
my
82%
'My
82%
'My
82%
my
82%
me.
81.8%
dear,
80.4%
dear
80.4%
dear,
80.4%
as
79.8%
as
79.8%
as
79.8%
as
79.8%
as
79.8%
or
79.3%
or
79.3%
or
79.3%
wife,
78.9%
may
77.9%
may
77.9%
may
77.9%
name?'
77.4%
are
76.9%
are
76.9%
fortune;
76.8%
have
75.8%
am
75.1%
marrying
75%
love
74.1%
% Correct
'Oh!
73.3%
single?'
73.2%
Single
73.2%
single
73.2%
by
73.1%
by
73.1%
visit
72.8%
like
72.3%
here?'
72.3%
sure!
72%
fall
70.6%
large
70.2%
year.
70%
married
69.8%
see
69.6%
affect
68.7%
will
68.1%
five
68%
But
67.9%
thousand
67.7%
might
67.6%
best
67.5%
thinking
67.3%
thing
67.1%
soon
67.1%
house
67%
had
66.5%
any
66%
end
62.8%
send
62.3%
very
62.3%
take
62.1%
four
62.1%
handsome
62.1%
design
60.9%
'Design!
60.9%
themselves,
60.4%
replied
60.1%
week.'
60%
some
59.6%
next
58.9%
settling
58.7%
comes.'
58.6%
likely
58.1%
fine
57.2%
servants
57%
Michaelmas,
56.6%
flatter
55.9%
share
55.4%
party.'
55.3%
before
54.1%
beauty
54%
talk
52%
possession
51.4%
therefore
50.9%
tiresome!
50.6%
better;
48.4%
immediately;
45.9%
agreed
43.9%
which
42.6%
Morris
42.5%
occasion
41%
certainly
39.4%
Nonsense,
35.4%
still
33.9%
perhaps
30.3%
Quiz Playlist
Details
Report
Send in Message
Add To Playlist
Classic:
Type in answers that appear in a list
Quiz Source
Last Updated: Feb 16, 2017
Quiz Scoreboard
CHALLENGE
Sign Up to Join the Scoreboard
Show All
Scores
Hide
Comments
May contain spoilers
Recently Published
Find the 'City' Movie
by crazypaving
Movies
60s
5x2 Blitz: Bands
by SL_Kpop136
Music
30s
Colored Red Africa Blitz
by spor1
Geography
30s
More to Explore
Quiz From the Vault
Featured Blog Post
14 Easter Pick-up Lines to Find Eggs With
hide this ad
You Might Also Like...
Tags
200
prejudice
Pride
second
Today's Top Quizzes in Literature
Browse Literature
hide this ad
Today's Top Quizzes in second
Browse second
Top Contributed Quizzes in Literature
1
Sneaky Slytherin Logic Puzzle
2
Logic Puzzle: Avoid Dumbledore's Army
3
Mini Trivia Sudoku: A Song of Ice and Fire
4
Get The Picture: Black or White Literature
5
The Hunger Games Logic Puzzle: Find Katniss
6
One Thing in Common: Literature II
7
Harry Potter Logic Puzzle - Bill & Fleur's wedding
8
Harry Potter Video Game Releases
9
Silmarillion Characters by Any 3 Letters
10
Harry Potter Clickable Logic Puzzle #4
Explore More
Trending Topics
Marvel
Harry Potter
NBA
Anime
Kpop
Crossword
Disney
Pokémon
WWE
Soccer
The Office
Song
NFL
Puzzle
Country
hide this ad
More By:
viola
Quiz
Plays
Rating
Category
Featured
Created
Pride and Prejudice First 200 Words
49,443
4.60
Literature
Apr 24, 2011
17 Famous Ballets
2,541
4.17
Music
Nov 13, 2009
Pride and Prejudice second 200 words
2,297
5.00
Literature
Apr 24, 2011
Herbology of Harry Potter
1,338
3.33
Literature
Nov 7, 2009
Princess Diana
1,165
4.25
History
May 13, 2011
Go to Creator's Profile
Score Distribution
Quiz Creator Spotlight
viola
Follow
Send a Message
Quizzes Created
-
Created Quiz Play Count
-
More By This Creator
Popular Quizzes Today
1
Colored Red Africa Blitz
2
Find the US States - No Outlines Minefield
3
Find the 'City' Movie
4
5x2 Blitz: Bands
5
The Countries of the World
6
Find the US States
7
US States
8
9x9 Crossword: Cartoon Network
More Literature Quizzes
Who is Harry talking to?
Curator's Pick
Trending Quizzes
Colored Red Europe Blitz I
Colored Red Europe Blitz II
Colored Red Africa Blitz II
Colored Red Africa Blitz III
Colored Red Europe Blitz III
Recently Updated
Godzilla Movies
pecheneg
Grab Bag: 4-10 Letters
pecheneg
2024 March Madness Bracket
pecheneg
Famous TV Couples
Peacemaker
Champions League XIs: Real Madrid
pecheneg
Largest US Cities 1790-2010
pecheneg
Rides in Walt Disney World
pecheneg
Most Oscar Losses (Acting)
pecheneg
Beyoncé Albums
pecheneg
Leaping Animals
pecheneg
Trending Topics
Harry Potter
Disney
NBA
Crossword
Marvel
Kpop
Anime
Soccer
Song
Puzzle
NFL
WWE
Country
Pokémon
The Office
Your Account Isn't Verified!
In order to create a playlist on Sporcle, you need to verify the email address you used during registration. Go to your
Sporcle Settings
to finish the process.
Report this User
Report this user for behavior that violates our
Community Guidelines
.
Details:
Send Report
Go to the Sporcle.com Mobile Site →
Comments